Les plantes médicinales, (Record no. 20892)
[ view plain ]
| 000 -LEADER | |
|---|---|
| fixed length control field | 00419cam a22001691 4500 |
| 040 ## - CATALOGING SOURCE | |
| Transcribing agency | OCl |
| 082 ## - DEWEY DECIMAL CLASSIFICATION NUMBER | |
| Classification number | 581 LES 1986 C111 Or. |
| 100 1# - MAIN ENTRY--AUTHOR NAME | |
| Personal name | Manciot, André. |
| 245 04 - TITLE STATEMENT | |
| Title | Les plantes médicinales, |
| 260 ## - PUBLICATION, DISTRIBUTION, ETC. (IMPRINT) | |
| Place of publication | Paris, |
| Name of publisher | J. Susse |
| Year of publication | [1944] |
| 300 ## - PHYSICAL DESCRIPTION | |
| Number of Pages | 160 p. |
| Other physical details | illus. |
| Dimensions | 18 cm. |
| 490 0# - SERIES STATEMENT | |
| Series statement | Collection "Toute la nature" |
| 650 #0 - SUBJECT ADDED ENTRY--TOPICAL TERM | |
| Topical Term | Botany, Medical. |
| 650 #0 - SUBJECT ADDED ENTRY--TOPICAL TERM | |
| Topical Term | Botany |
| 650 #0 - SUBJECT ADDED ENTRY--TOPICAL TERM | |
| Topical Term | Vegetables. |
| 942 ## - ADDED ENTRY ELEMENTS (KOHA) | |
| Koha item type | ADB |
| 952 ## - LOCATION AND ITEM INFORMATION (KOHA) | |
| Withdrawn status [LOCAL, KOHA] | 0 |
| Permanent Location | Date acquired | Koha item type | Lost status | Shelving location | Barcode | Current Location | Full call number |
|---|---|---|---|---|---|---|---|
| Library Block C | 2023-01-11 | ADB | C111 | a35558 | Library Block C | 581 LES 1986 C111 Or. |